Statistics for Biggest town/city in each English county

Click here to take the quiz!

General Stats

  • This quiz has been taken 769 times
  • The average score is 27 of 47

Answer Stats

CountyPopulationAnswer% Correct
Greater Manchester464,200Manchester
96%
Bristol432,500Bristol
95%
Merseyside434,900Liverpool
94%
Greater London7,512,400London
94%
West Midlands970,892Birmingham
92%
Oxfordshire143,016Oxford
92%
West Yorkshire443,257Leeds
90%
Tyne and Wear189,863Newcastle upon Tyne
90%
Leicestershire289,700Leicester
89%
Nottinghamshire249,584Nottingham
89%
Derbyshire236,300Derby
83%
Hampshire228,600Southampton
83%
North Yorkshire195,400York
82%
South Yorkshire439,886Sheffield
81%
Norfolk132,000Norwich
80%
Devon252,800Plymouth
80%
Gloucestershire123,205Gloucester
78%
Northamptonshire189,474Northampton
77%
East Sussex256,600Brighton and Hove
76%
Worcestershire94,100Worcester
76%
East Riding of Yorkshire258,700Hull
67%
Herefordshire50,400Hereford
66%
Suffolk138,718Ipswich
63%
Berkshire232,622Reading
63%
Cumbria100,739Carlisle
58%
Staffordshire259,252Stoke-On-Trent
58%
Lancashire141,900Blackpool
53%
Dorset163,444Bournemouth
53%
Somerset83,992Bath
51%
Bedfordshire203,800Luton
48%
Cambridgeshire164,000Peterborough
48%
Buckinghamshire192,200Milton Keynes
44%
Essex164,300Southend
42%
Wiltshire155,432Swindon
38%
Hertfordshire80,000Watford
35%
Lincolnshire87,574Grimsby
31%
Surrey66,773Guildford
28%
Shropshire138,241Telford
27%
County Durham97,838Darlington
23%
Cheshire196,200Warrington
23%
Isle of Wight26,152Ryde
21%
West Sussex100,547Crawley
20%
Kent99,773Gillingham
20%
Rutland9,975Oakham
18%
Warwickshire70,721Nuneaton
12%
Northumberland35,818Blyth
11%
Cornwall22,658St Austrell
3%

Score Distribution

Percentile by Number Answered

Percent of People with Each Score

Your Score History

You have not taken this quiz